000 00501nam a2200169Ia 4500
008 180921t2015 xxu||||| |||| 00| 0 sin d
041 _asin
080 _a8C3
_b(Youth) MAYA
245 _aමායාකාර මහල්ලා සහ තවත් කතා
246 _aMayakara Mahalla saha Thawath Katha
260 _bAratuwa publisher
_aMigamuwa
_c2015
300 _a104p, 22cm
700 _aThissa Hewavissa
_etr.
942 _cBK
999 _c11811
_d11811
003 LK-CoDNM
040 _aLK-CoDNM
_dLK-CoDNM
_eLK-CoDNM